| 000 | 01045nam a22003497a 4500 | ||
|---|---|---|---|
| 003 | CHAP | ||
| 005 | 20220817044056.0 | ||
| 008 | 060203d2005 it rn 00110 spa d | ||
| 010 | _a91635 | ||
| 011 | _a92607 | ||
| 020 | _a9250053266 | ||
| 035 | _a103172 | ||
| 040 | _cCHAP | ||
| 082 | 0 | 4 |
_a333 _bF31y 2004/2 |
| 110 | 2 | _aFAO | |
| 245 | 1 | 0 |
_aReforma agraria : colonización y cooperativas _c/por FAO |
| 260 |
_aRoma : _bFAO, _c2005. |
||
| 300 | _a115 p. | ||
| 500 | _aTrilingüe : (español, inglés, francés) | ||
| 590 |
_aBATCH-UPD _b10 _c20130110 _lUCH01 _h1331 |
||
| 590 |
_aBATCH-UPD _b10 _c20130410 _lUCH01 _h0836 |
||
| 590 |
_aBATCH-UPD _b10 _c20130914 _lUCH01 _h1011 |
||
| 590 |
_aCONVERSION _b10 _c20130109 _lUCH01 _h1351 |
||
| 650 | 1 | 4 |
_aColonización agrícola. _925386 |
| 650 | 1 | 4 |
_aDescentralización. _932114 |
| 650 | 1 | 4 |
_aReforma agraria. _995517 |
| 650 | 1 | 4 |
_aTierras _xTenencia. _9113130 |
| 901 | _aBK | ||
| 905 | _aLilia | ||
| 942 | _cLIBRO | ||
| 949 |
_a333 F31y 2004/2 _bBC _cFAO _d33724000979449 _eFAO1 _h107669 _i103172 _sb |
||
| 999 |
_c91635 _d91635 |
||